Do You Really Know the TV Show Friends? Part 8 - Statistics

General Stats
  • This quiz has been taken 386 times
  • The average score is 10 of 15
Answer Stats
Question Answer % Correct
What does Joey not share? Food
93%
Who ends up being Chandler's best man? Ross
91%
Many things have fallen off Monica's balcony, which on these things is not one of them: pillow, pizza, lottery ticket? Pizza
87%
Who buys Rachel's cat Ms. Whiskerson? Gunther
84%
When Ross gets nervous before his first college lecture, what accent does he end up using to be more interesting? British
81%
Who is Pboebe's alter ego? Regina Phalange
80%
Who tries to be an extra on Joey's show? Phoebe
79%
Who is Joey's alter ego? Ken Adams
77%
When Rachel moves in with Phoebe, she buys a bunch of furniture that Phoebe disapproves of from what store? Pottery Barn
66%
When Joey is looking for a new roommate after Chandler moves in with Monica he posts an ad that says he's looking for a female roommate, non smoking, non _____? Ugly
65%
What is the name of Phoebe's secret roommate nobody's knows about? Denise
54%
In Vegas, what does Monica need to roll to be a sign that she and Chandler should get married? Hard 8
43%
What arcade game does Phoebe buy for Chandler and Monica? Ms. Pacman
39%
When all the friends are up all night, what does Phoebe throw away? Smoke detector
15%
What does Ross bribe Rachel's boss with to get her to not move to Paris? Fossils
12%
No matching quizzes found
Score Distribution
Percent of People with Each Score
Percentile by Number Answered
Your Score History
You have not taken this quiz